|
|
|
|
| LEADER |
01549nam a2200361 a 4500 |
| 001 |
42071 |
| 003 |
BD-DhAAL |
| 005 |
20240912104336.0 |
| 008 |
830715s1984 enka b 001 0 eng |
| 010 |
|
|
|a 83015004
|
| 020 |
|
|
|a 9780521367844
|
| 020 |
|
|
|a 0521367840
|
| 020 |
|
|
|a 9780521233651
|
| 020 |
|
|
|a 0521233658
|
| 040 |
|
|
|a DLC
|c DLC
|d DLC
|d BD-DhAAL
|
| 050 |
0 |
0 |
|a NA2765
|b .H56 1984
|
| 082 |
0 |
0 |
|a 720.103
|2 19
|
| 100 |
1 |
|
|a Hillier, Bill.
|9 56787
|
| 245 |
1 |
4 |
|a The social logic of space /
|c Bill Hillier, Julienne Hanson.
|
| 260 |
|
|
|g (2005 printing)
|
| 264 |
|
|
|a Cambridge [Cambridgeshire] ;
|a New York :
|b Cambridge University Press,
|c c1984 [reprinted 2003]
|g (2005 printing)
|
| 300 |
|
|
|a xiii, 281 pages :
|b illustrations ;
|c 25 cm.
|
| 504 |
|
|
|a Includes bibliographical references (pages 269-275) and index.
|
| 526 |
|
|
|a ARC
|x Md Rashed Bhyuan,
Associate Professor,
Architecture
Course Name: Urban Design (ARC331) and Design VII (ARC401).
|
| 541 |
|
|
|a Book Finder International
|e 42071
|
| 650 |
|
0 |
|a Space (Architecture).
|
| 650 |
|
0 |
|a Architecture and society.
|
| 650 |
|
0 |
|a Architecture.
|
| 700 |
1 |
|
|a Hanson, Julienne.
|9 56788
|
| 852 |
|
|
|a Ayesha Abed Library
|c General Stacks
|
| 942 |
|
|
|2 ddc
|c BK
|
| 999 |
|
|
|c 46592
|d 46592
|
| 952 |
|
|
|0 0
|1 0
|2 ddc
|4 0
|6 720_103000000000000_HIL
|7 0
|9 76176
|a BRACUL
|b BRACUL
|c GEN
|d 2024-09-10
|e Book Finder International
|g 4596.88
|l 0
|o 720.103 HIL
|p 3010043071
|r 2024-09-10
|t 1
|v 4596.88
|w 2024-09-10
|y BK
|x Requisitioned by Md Rashed Bhuyan for the courses named- "Urban Design (ARC331) and Design VII (ARC401)".
|